00717aaa a22001934i 4500001001000000003001000010005001700020008004100037040004100078041000800119100002700127245012700154300006200281650001500343773012800358942000800486945001200494999001700506768714001CO-MdFUSB20260313102432.0180405s1993 sp ||||| |||| 00| 0 spa d aCO-MdFUSBbspacCO-MdFUSBdCO-MdFUSB aspa aWilfred, Felix,eautor10aImágenes de Jesús en el contexto pastoral asiático:b Interpretación de los documentos de la FABCc/ Felix Wilfred aNúmero 246 (abril, 1993), páginas 269 - 281c: 21 cm.14aTEOLOGÍA0 tRevista internacional de teología Concilium049450960400gNúmero 246 (abril, 1993), páginas 269 - 281qPáginas 269 cANA aJTF-925 c63581d63581